| 000 | 01300nam a2200409 i 4500 | ||
|---|---|---|---|
| 001 | 52848 | ||
| 003 | KOSZ 005 | ||
| 005 | 20221025092401.0 | ||
| 008 | 030312s2002 pl a f f |000 0 pol | ||
| 015 | _aPB 2003/4957 | ||
| 020 | _a8388408534 | ||
| 040 |
_aWA N _cWA N _dKOSZ 005/HR |
||
| 041 | 0 | _apol | |
| 046 | _k2002 | ||
| 080 | _a539.3/.6 | ||
| 080 | _a620.1 | ||
| 080 | _a(075.8) | ||
| 100 | 1 |
_aBlicharski, Marek _d(1941- ) _eAutor |
|
| 245 | 1 | 0 |
_aOdkształcanie i pękanie / _cMarek Blicharski. |
| 260 |
_aKraków : _bAGH [Akademia Górniczo-Hutnicza]. Uczelniane Wydawnictwa Naukowo-Dydaktyczne, _c2002. |
||
| 300 |
_a293, [1] s. : _bil. ; _c24 cm. |
||
| 336 |
_2rdacontent _aTekst _btxt |
||
| 337 |
_2rdamedia _aBez urządzenia pośredniczącego _bn |
||
| 338 |
_2rdacarrier _aWolumin _bnc |
||
| 380 | _aKsiążki | ||
| 388 | _a2001- | ||
| 504 | _aBibliogr. | ||
| 650 | 4 | _aMetale | |
| 650 | 4 | _aMechanika pękania | |
| 650 | 4 | _aNaprężenia i odkształcenia | |
| 650 | 4 | _aPękanie | |
| 655 | 4 | _aPodręczniki akademickie | |
| 658 | _aInżynieria i technika | ||
| 710 | 2 |
_aWydawnictwo AGH _4pbl. |
|
| 856 |
_uhttp://koha.tu.koszalin.pl/cgi-bin/koha/opac-detail.pl?biblionumber=52848 _yKatalog online BPK |
||
| 942 |
_2UKD _cKS |
||
| 999 |
_c52848 _d52848 |
||